| 000 | 01061cam a2200265 4500 | ||
|---|---|---|---|
| 001 | sa 68012080 | ||
| 003 | DLC | ||
| 005 | 20260227112606.0 | ||
| 008 | 691021s1968 ii ak 000 0 eng | ||
| 010 | _asa 68012080 | ||
| 025 | _aPL480:I-E-10318 | ||
| 040 |
_aDLC _cDLC _dDLC |
||
| 043 | _aa-ii--- | ||
| 050 | 0 | 0 | _aLAW |
| 082 | 0 | 0 | _a340 |
| 110 | 1 |
_aMysore (India : State). _bDevelopment, Housing, Panchayatraj, and Co-operation Department. |
|
| 245 | 1 | 0 |
_aManual of elections to panchayats and taluk boards; _bextracts of the Mysore village panchayats and local boards act, 1959 (sections 1-23 and 95-107) and the Mysore panchayats and taluk boards election rules, 1959. |
| 260 |
_aBangalore, _bPrinted by the Director of Print., Stationery and Publications at the Govt. Press, _c1968. |
||
| 300 |
_aii, 105 p. _billus., forms. _c21 cm. |
||
| 350 | _a1.00 | ||
| 500 | _aCover title. | ||
| 650 | 0 |
_aLocal government _xLaw and legislation _zIndia _zKarnataka. |
|
| 650 | 0 |
_aElection law _zIndia _zKarnataka. |
|
| 710 | 1 |
_aMysore (India : State). _tLaws, etc. |
|
| 999 |
_c84295 _d84295 |
||